| 000 | 01194nam a2200349Ia 4500 | ||
|---|---|---|---|
| 008 | 170203s9999 xx 000 0 und d | ||
| 020 | _a9789715181594/ 9781423108689 | ||
| 050 | _aFIc | ||
| 050 | _bL793 | ||
| 100 | _aLloyd, Ann. | ||
| 245 | _aDon't bet on it / | ||
| 245 | _cadapted by Ann Lloyd ; based on the series created by Michael Poryes & Barry O'Brien. | ||
| 260 | _aPhilippines : | ||
| 260 | _bLampara Pub. House, | ||
| 260 | _c©2008. | ||
| 300 | _a126 pages, [8] pages of plates : | ||
| 300 | _bcolor illustrations ; | ||
| 300 | _c19 cm. | ||
| 440 | _aHannah Montana, | ||
| 440 | _v#10. | ||
| 500 | _aPart one is based on the episode, 'Bad Moose Rising, ' Written by Steven James Meyer & Douglas Lieblein; Part two is based on the episode, 'My Boyfriend's Jackson and There's Gonna Be Trouble, ' Written by Andrew Green & Sally Lapiduss." | ||
| 650 | _aBrothers and sisters -- | ||
| 650 | _aCelebrities -- | ||
| 650 | _aSingers -- | ||
| 650 | _aSingers -- | ||
| 650 | _aTeenage girls -- | ||
| 650 | _xFiction. | ||
| 650 | _xJuvenile fiction. | ||
| 650 | _xJuvenile fiction. | ||
| 650 | _xJuvenile fiction. | ||
| 650 | _xJuvenile fiction. | ||
| 999 |
_c306434 _d306434 |
||